|
|
|
|
| LEADER |
00000nlm0a2200000 4500 |
| 001 |
187095 |
| 005 |
20240209085534.0 |
| 035 |
|
|
|a (RuTPU)RU\TPU\book\203014
|
| 090 |
|
|
|a 187095
|
| 100 |
|
|
|a 20101110d2010 k y0rusy50 ca
|
| 101 |
0 |
|
|a rus
|
| 102 |
|
|
|a RU
|
| 105 |
|
|
|a a dm 001zy
|
| 135 |
|
|
|a drbn ---uucaa
|
| 181 |
|
0 |
|a i
|
| 182 |
|
0 |
|a b
|
| 200 |
1 |
|
|a Исследование факторов, влияющих на элюационные характеристики хроматографического 99Мо/99mтс генератора на основе обогащенного молибдена-98
|e автореферат диссертации на соискание ученой степени кандидата технических наук
|e спец. 05.17.02
|f Е. С. Стасюк
|g Национальный исследовательский Томский политехнический университет (ТПУ) ; науч. рук. В. С. Скуридин
|
| 203 |
|
|
|a Текст
|c электронный
|
| 210 |
|
|
|a Томск
|d 2010
|
| 215 |
|
|
|a 1 файл (393 Kb)
|
| 300 |
|
|
|a Заглавие с титульного экрана
|
| 300 |
|
|
|a Электронная версия печатной публикации
|
| 337 |
|
|
|a Adobe Reader
|
| 452 |
|
1 |
|0 (RuTPU)RU\TPU\book\205216
|t Исследование факторов, влияющих на элюационные характеристики хроматографического 99Мо/99m Тс генератора на основе обогащенного молибдена-98
|o автореферат диссертации на соискание ученой степени кандидата технических наук
|o спец. 05.17.02
|f Е. С. Стасюк
|g Национальный исследовательский Томский политехнический университет (ТПУ) ; науч. рук. В. С. Скуридин
|c Томск
|d 2010
|p 20 с.
|a Стасюк, Елена Сергеевна
|
| 606 |
1 |
|
|a Молибден, изотопы
|2 stltpush
|3 (RuTPU)RU\TPU\subj\44324
|9 63675
|
| 610 |
1 |
|
|a авторефераты диссертаций
|
| 610 |
1 |
|
|a электронный ресурс
|
| 610 |
1 |
|
|a генераторная пара
|
| 610 |
1 |
|
|a технеций
|
| 610 |
1 |
|
|a хроматографические генераторы
|
| 610 |
1 |
|
|a физико-химические процессы
|
| 610 |
1 |
|
|a оксид алюминия
|
| 610 |
1 |
|
|a кислотная обработка
|
| 610 |
1 |
|
|a сорбционная емкость
|
| 610 |
1 |
|
|a влияние
|
| 610 |
1 |
|
|a алюационные характеристики
|
| 610 |
1 |
|
|a труды учёных ТПУ
|
| 675 |
|
|
|a 539.163:546.7(04)
|v 3
|
| 686 |
|
|
|a 05.17.02
|2 oksvnk
|
| 700 |
|
1 |
|a Стасюк
|b Е. С.
|c специалист в области атомной энергетики
|c научный сотрудник Томского политехнического университета, кандидат технических наук
|f 1978-
|g Елена Сергеевна
|3 (RuTPU)RU\TPU\pers\27552
|9 12756
|
| 702 |
|
1 |
|a Скуридин
|b В. С.
|c физик, специалист в области атомной энергетики
|c профессор Томского политехнического университета, доктор технических наук
|f 1946-
|g Виктор Сергеевич
|3 (RuTPU)RU\TPU\pers\27551
|4 727
|
| 712 |
0 |
2 |
|a Национальный исследовательский Томский политехнический университет (ТПУ)
|c (2009- )
|3 (RuTPU)RU\TPU\col\15902
|
| 801 |
|
2 |
|a RU
|b 63413507
|c 20150918
|g RCR
|
| 856 |
4 |
|
|u http://www.lib.tpu.ru/fulltext/a/2010/52.pdf
|
| 942 |
|
|
|c CF
|